Six Letter Geography - B #2 - Statistics

General Stats
  • This quiz has been taken 59 times
    40 since last reset
  • The average score is 8 of 10
Answer Stats
Hint Answer % Correct
Muslim majority country in the Balkans {Bosnia} and Herzegovina
100%
Estonia, Latvia, and Lithuania... {Baltic} States
97%
Country in Africa with the capital in its name Guinea-{Bissau}
97%
Island with Malaysia, Indonesia, and Brunei Borneo
94%
Strait separating Russia and Alaska Bering
92%
Largest island of Canada by area Baffin
78%
Major port city in Northern Spain Bilbao
78%
City known as the Paris of the Middle East Beirut
72%
Capital city of the country Mali Bamako
61%
Large tree found on Madagascar island Baobab
58%
No matching quizzes found
Score Distribution
Percent of People with Each Score
Percentile by Number Answered
Your Score History
You have not taken this quiz since the last reset